000 00315nam a22001337a 4500
005 20160303042126.0
008 150528b xxu||||| |||| 00| 0 eng d
020 _a9780071805827
020 _a0071805826
041 _aeng
080 _a004
245 _aWindows 8 kickstart /
_cJames Howard Russell.
942 _2udc
_cBK
999 _c917
_d917